书目信息 |
| 题名: |
隋唐史论
|
|
| 作者: | 魏全瑞 主编 | |
| 分册: | ||
| 出版信息: | 西安 三秦出版社 2007 |
|
| 页数: | 447页 | |
| 开本: | 26cm | |
| 丛书名: | ||
| 单 册: | ||
| 中图分类: | K241.07 | |
| 科图分类: | ||
| 主题词: | 隋唐时代--历史--文集 , 史学家--中国--现代--纪念文集 | |
| 电子资源: | ||
| ISBN: | 7-80736-135-2 | |
| 000 | 00984n|m0 2200253 450 | |
| 001 | 1572254302 | |
| 005 | 20150127090134.12 | |
| 010 | @a7-80736-135-2@dCNY50.00 | |
| 100 | @a20070124d2007 em y0chiy50 ea | |
| 101 | 0 | @achi |
| 102 | @aCN@b610000 | |
| 105 | @aa z 000yd | |
| 200 | 1 | @a隋唐史论@9sui tang shi lun@e牛致功教授八十华诞祝寿文集@f魏全瑞主编 |
| 210 | @a西安@c三秦出版社@d2007 | |
| 215 | @a447页@c照片,图@d26cm | |
| 330 | @a本书是牛致功教授八十华诞祝寿文集。书中收录了《牛致功教授的良师风范》、《“仁政”“民本”是“贞观之治”的特质》、《“汉制”与汉唐学礼制度简论》、《李德裕军事思想研究》、《大唐气象览胜》等数十篇学术研究文章。 | |
| 517 | 1 | @a牛致功教授八十华诞祝寿文集@9niu zhi gong jiao shou ba shi hua dan zhu shou wen ji |
| 606 | 0 | @a隋唐时代@x历史@j文集 |
| 606 | 0 | @a史学家@y中国@z现代@j纪念文集 |
| 610 | 0 | @a牛致功(1928-) |
| 690 | @aK241.07@v5 | |
| 701 | 0 | @a魏全瑞@9wei quan rui@4主编 |
| 801 | 0 | @aCN@bTSSF@c20150127 |
| 905 | @aZUCC@dK241.07@eJY106 | |
| 隋唐史论:牛致功教授八十华诞祝寿文集/魏全瑞主编.-西安:三秦出版社,2007 |
| 447页:照片,图;26cm |
| ISBN 7-80736-135-2:CNY50.00 |
| 本书是牛致功教授八十华诞祝寿文集。书中收录了《牛致功教授的良师风范》、《“仁政”“民本”是“贞观之治”的特质》、《“汉制”与汉唐学礼制度简论》、《李德裕军事思想研究》、《大唐气象览胜》等数十篇学术研究文章。 |
| ● |
| 相关链接 |
|
|
|
|
正题名:隋唐史论
索取号:K241.07/JY106
 
预约/预借
| 序号 | 登录号 | 条形码 | 馆藏地/架位号 | 状态 | 备注 |
| 1 | 7841909 | 278419098 | 学院路分馆/ [索取号:K241.07/JY106] | 在馆 | |
| 2 | 7841910 | 278419105 | 学院路分馆/ [索取号:K241.07/JY106] | 在馆 |